00513nam a2200169Ia 4500008004100000082001700041100001500058245001900073250000600092260003300098300000800131630001900139730001900158942000900177999001900186952013800205100122s9999 xx 000 0 und d b38440a332.1 aSAYERS R S aMODERN BANKING a7 bAT THE CLARENDON PRESSc1905 a342 aMODERN BANKING aMODERN BANKING cBOOK c371972d371969 00104070aSVPPARLEbSVPPARLEd1986-03-27g28.00l0o38440pSVPPARLE-38440r2010-01-25 00:00:00v28.00w2010-01-25yBOOKz", , , NA"